Statistics for Guess the anime characters

Click here to take the quiz!

General Stats

  • This quiz has been taken 3 times
  • The average score is 6 of 16

Answer Stats

Answer% Correct
Issei
100%
Nazuna
100%
Sinon
100%
Eugeo
50%
Hotaru
50%
Saya
50%
Xenovia
50%
Yoko
50%
Akari
0%
Fido
0%
Irina
0%
Lev
0%
Milize
0%
Mizore
0%
Simon The Digger
0%
Tsukune
0%

Score Distribution

Percentile by Number Answered

Percent of People with Each Score

Your Score History

You have not taken this quiz